The Uranus Quiz - Statistics

General Stats
  • This quiz has been taken 1,263 times
  • The average score is 8 of 16
Answer Stats
Hint Answer % Correct
What color does Uranus appear to be in a small telescope? Blue
87%
Element named after Uranus Uranium
87%
The Planet was first named as Georgium Sidus in honor of King {George} III
78%
The Only Spacecraft to have ever visited Uranus Voyager 2
76%
Modern Day Country where it was discovered United Kingdom
65%
Term for a planet such as Uranus {Ice} Giant
64%
Initially, Uranus was concluded to be a _____, and not a Planet Comet
57%
Uranus is named after the Ancient Greek Deity of the ___ Sky
49%
Operation Uranus was a successful military operation in World War II by the Red Army to take back ___________ Stalingrad
44%
Largest Moon of Uranus, named after queen of the fairies in Shakespeare's A Midsummer Night's Dream. Titania
41%
The approximate ratio of the Mass of Earth and Uranus 14.5
38%
Length of an year on Uranus (in Earth Years) 84 Earth Years
31%
German born British Astronomer that discovered Uranus William Herschel
30%
Because of it's low escape velocity, Uranus has been proposed as a mining site for and isotope of this element Helium
28%
Smallest Round Moon of Uranus , named after a Character from The Tempest Miranda
23%
In Chinese, Japanese and Korean, what does the name "Uranus" mean? King of {Heaven}
12%
No matching quizzes found
Score Distribution
Percent of People with Each Score
Percentile by Number Answered
Your Score History
You have not taken this quiz